Sexualidad y adolescencia: texto alumno

Saved in:
Bibliographic Details
Main Author: Silva Raveau, Mónica (Author)
Format: Book
Language:Spanish
Published: Santiago Eds. Universidad Católica de Chile 1994
Edition:1a. ed
Series:Aprendizaje
Subjects:
Tags: Add Tag
No Tags, Be the first to tag this record!

MARC

LEADER 00000nam a2200000 a 4500
001 UCH4309
003 CL-VaPUC
008 090818e19940000CL |||||||||||||||||spa|d
020 |a 9561403137 
082 0 4 |a 612.6  |b SIL  |2 21 
100 0 |a Silva Raveau, Mónica  |e author  |9 539801 
245 1 0 |a Sexualidad y adolescencia: texto alumno 
250 |a 1a. ed 
300 |a 113 p 
942 |c BK 
945 |d 20090818 00:00:00  |a lazolas 
260 |a Santiago  |b Eds. Universidad Católica de Chile  |c 1994 
650 0 |a Educación sexual  |9 308005 
650 0 |a Adolescencia  |9 307361 
650 0 |a Aspectos sexuales   |9 310122 
650 7 |a RELACIONES SEXUALES  |2 CL-VaPUC  |9 312685 
583 |a last modification  |c 20090818 00:00:00  |k Rodrigo Vera 
490 0 |a Aprendizaje 
999 |c 335641  |d 335639